NAJWIĘCEJ WYSTĘPÓW DLA DANEGO KLUBU! - Statystyki

Ogólne statystyki
  • Ten quiz został rozwiązany 88 razy
  • Średni wynik to 44 z 180
Statystyki odpowiedzi
KLUB MIEJSCE NAZWISKO % Poprawnych
BARCELONA 1. MESSI
96%
REAL MADRYT 4. RONALDO
83%
MANCHESTER UNITED 2. RONALDO
83%
BARCELONA 3. INIESTA
75%
BARCELONA 10. NEYMAR
73%
BAYERN MONACHIUM 4. LEWANDOWSKI
67%
BARCELONA 9. SUAREZ
65%
REAL MADRYT 3. MODRIC
64%
REAL MADRYT 2. BENZEMA
60%
BAYERN MONACHIUM 1. MULLER
60%
REAL MADRYT 1. RAMOS
59%
TOTTENHAM 2. KANE
57%
LIVERPOOL 7. SALAH
56%
BARCELONA 2. BUSQUETS
53%
BARCELONA 5. TER STEGEN
52%
PSG 8. MBAPPE
49%
TOTTENHAM 3. SON
49%
ATLETICO MADRYT 8. GRIEZMANN
48%
BARCELONA 4. ALBA
45%
REAL MADRYT 5. KROOS
45%
LIVERPOOL 8. MANE
45%
BAYERN MONACHIUM 2. NEUER
45%
REAL MADRYT 8. CASEMIRO
44%
ATLETICO MADRYT 1. KOKE
44%
BORUSSIA DORTMUND 3. REUS
44%
MILAN 7. IBRAHIMOVIC
43%
NAPOLI 6. ZIELINSKI
43%
JUVENTUS 1. BUFFON
41%
BORUSSIA DORTMUND 1. HUMMELS
41%
TOTTENHAM 1. LLORIS
41%
OL 8. LLORIS
41%
TOTTENHAM 8. ALLI
40%
REAL MADRYT 7. CARVAJAL
40%
MANCHESTER UNITED 1. DE GEA
40%
LIVERPOOL 3. FIRMINO
40%
ATLETICO MADRYT 3. OBLAK
40%
MANCHESTER CITY 1. SILVA
40%
MANCHESTER CITY 6. SILVA
40%
PSG 3. SILVA
40%
JUVENTUS 2. CHIELLINI
39%
JUVENTUS 3. BONUCCI
37%
PSG 4. CAVANI
37%
MANCHESTER CITY 8. EDERSON
37%
BAYERN MONACHIUM 6. KIMMICH
37%
BAYERN MONACHIUM 5. BOATENG
36%
MANCHESTER CITY 5. DE BRUYNE
36%
MILAN 1. DONNARUMMA
36%
ATLETICO MADRYT 2. GODIN
35%
LIVERPOOL 1. HENDERSON
35%
MANCHESTER CITY 4. STERLING
35%
JUVENTUS 7. SZCZESNY
35%
MANCHESTER CITY 10. WALKER
33%
CHELSEA 4. KANTE
32%
PSG 2. MARQUINHOS
32%
BAYERN MONACHIUM 7. MARTINEZ
32%
INTER 7. MARTINEZ
32%
JUVENTUS 8. MORATA
32%
REAL MADRYT 9. PEPE
32%
BORUSSIA DORTMUND 2. PISZCZEK
32%
MANCHESTER UNITED 3. RASHFORD
32%
LIVERPOOL 6. MILNER
31%
MANCHESTER UNITED 9. POGBA
31%
BARCELONA 6. ROBERTO
31%
REAL MADRYT 6. VARANE
31%
PSG 1. VERRATTI
31%
BAYERN MONACHIUM 3. ALABA
29%
BORUSSIA DORTMUND 10. AUBAMEYANG
29%
ARSENAL 10. LACAZETTE
29%
OL 3. LACAZETTE
29%
LIVERPOOL 10. ROBERTSON
29%
LIVERPOOL 9. ALEXANDER-ARNOLD
28%
BORUSSIA DORTMUND 4. BLASZCZYKOWSKI
28%
MANCHESTER CITY 7. GUNDOGAN
28%
CHELSEA 2. HAZARD
28%
REAL MADRYT 10. NACHO
28%
BARCELONA 8. RAKITIC
28%
JUVENTUS 5. DYBALA
27%
ATLETICO MADRYT 9. GIMENEZ
27%
ARSENAL 7. GIROUD
27%
MILAN 9. HERNANDEZ
27%
BARCELONA 7. PEDRO
27%
CHELSEA 10. PEDRO
27%
PSG 5. DI MARIA
25%
BORUSSIA DORTMUND 8. GOTZE
25%
NAPOLI 1. HAMSIK
25%
INTER 1. HANDANOVIC
25%
CHELSEA 1. AZPILICUETA
24%
BAYERN MONACHIUM 9. COMAN
24%
TOTTENHAM 7. DAVIES
24%
NAPOLI 2. INSIGNE
24%
OM 3. PAYET
24%
NAPOLI 3. MERTENS
23%
ARSENAL 6. OZIL
23%
ATLETICO MADRYT 4. SAUL
23%
MANCHESTER UNITED 8. SHAW
23%
INTER 9. DE VRIJ
21%
TOTTENHAM 6. ERIKSEN
21%
NAPOLI 5. KOULIBALY
21%
CHELSEA 6. LUIZ
20%
ATLETICO MADRYT 10. SAVIC
20%
INTER 5. SKRINIAR
20%
TOTTENHAM 5. VERTONGHEN
20%
CHELSEA 8. ALONSO
19%
ARSENAL 3. FABREGAS
19%
MANCHESTER CITY 9. JESUS
19%
MANCHESTER CITY 2. FERNANDINHO
17%
CHELSEA 7. JORGINHO
17%
CHELSEA 9. KOVACIC
17%
MANCHESTER UNITED 6. MARTIAL
17%
INTER 4. PERISIC
17%
LIVERPOOL 2. REINA
17%
TOTTENHAM 10. ALDERWEIRELD
16%
PSG 9. KIMPEMBE
16%
JUVENTUS 6. CUADRADO
15%
BORUSSIA DORTMUND 9. KAGAWA
15%
ATLETICO MADRYT 6. LUIS
15%
JUVENTUS 4. SANDRO
15%
MANCHESTER CITY 3. HART
13%
OM 1. MANDANDA
13%
ARSENAL 4. XHAKA
13%
NAPOLI 4. CALLEJON
12%
ATLETICO MADRYT 5. CORREA
12%
INTER 6. ICARDI
12%
PSG 10. MOURA
12%
MILAN 6. CALHANOGLU
11%
TOTTENHAM 4. DIER
11%
MILAN 3. KESSIE
11%
ARSENAL 2. RAMSEY
11%
BORUSSIA DORTMUND 6. BURKI
9%
NAPOLI 9. HYSAJ
9%
MANCHESTER UNITED 5. MATA
9%
ARSENAL 1. WALCOTT
9%
MANCHESTER UNITED 7. YOUNG
9%
MILAN 4. CALABRIA
8%
OL 1. LOPES
8%
MANCHESTER UNITED 4. SMALLING
8%
OL 10. TOLISSO
8%
OL 6. AOUAR
7%
INTER 2. BROZOVIC
7%
OL 9. FEKIR
7%
PSG 6. PASTORE
7%
CHELSEA 3. WILLIAN
7%
NAPOLI 7. ALBIOL
5%
ARSENAL 8. BELLERIN
5%
BORUSSIA DORTMUND 7. BENDER
5%
ATLETICO MADRYT 7. GARCIA
5%
MILAN 2. ROMAGNOLI
5%
ARSENAL 5. CLICHY
4%
INTER 10. GAGLIARDINI
4%
NAPOLI 10. GHOULAM
4%
ARSENAL 9. GIBBS
4%
TOTTENHAM 9. LAMELA
4%
LIVERPOOL 4. LEIVA
4%
MANCHESTER UNITED 10. LINGARD
4%
JUVENTUS 10. BENTANCUR
3%
INTER 3. DAMBROSIO
3%
CHELSEA 5. KALOU
3%
BAYERN MONACHIUM 8. RAFINHA
3%
MILAN 8. SUSO
3%
OM 4. THAUVIN
3%
JUVENTUS 9. BERNARDESCHI
1%
MILAN 5. BONAVENTURA
1%
PSG 7. CHANTOME
1%
OM 8. GIGNAC
1%
OL 5. GOMIS
1%
OM 7. KABORE
1%
INTER 8. NAGATOMO
1%
LIVERPOOL 5. SKRTEL
1%
MILAN 10. ZAPATA
1%
OM 5. AYEW
0%
OL 4. CORNET
0%
OL 7. FERRI
0%
NAPOLI 8. GARGANO
0%
OL 2. GONALONS
0%
BORUSSIA DORTMUND 5. GROSKREUTZ
0%
OM 6. NKOULOU
0%
OM 9. SAKAI
0%
BAYERN MONACHIUM 10. SANTA CRUZ
0%
OM 10. SARR
0%
OM 2. VALBUENA
0%
Nie znaleziono quizów pasujących do podanych kryteriów
Rozkład punktacji
Procent ludzi z każdym wynikiem
Percentyl według liczby udzielonych odpowiedzi
Twoja historia wyników
Nie rozwiązałeś tego quizu